000 01388pam a2200349 a 4500
001 1889
003 FISKH
005 20231009080911.0
008 950127s1995 ilua j 001 0 eng
010 _a 95005557
020 _a9780516060378
040 _aDLC
_cDLC
_dDLC
_beng
042 _alcac
050 0 0 _aQL568.A6
_bF535 1995
082 0 0 _a595.79/9
_220
100 1 _aFowler, Allan.
245 1 0 _aBusy, buzzy bees /
_cby Allan Fowler.
260 _aNew York :
_bScholastic,
_c1995.
300 _a31 pages :
_bcolor illustrations ;
_c18 cm.
440 0 _aRookie read-about science
505 _aN
520 _aFrom friendly dolphins to giant pandas, from icebergs and glaciers to energy from the sun, from magnets to solids, liquids, and gases, Rookie Read-About Science is a natural addition to the primary-grade classroom with books that cover every part of the science curricula. Includes: animals, nature, scientific principles, the environment, weather, and much more!
521 8 _a550
_bLexile
521 8 _aN
_bRaz-Plus
650 0 _aHoneybee
_xJuvenile literature.
650 0 _aBees
_xJuvenile literature.
650 1 _aHoneybee.
650 1 _aBees.
906 _a7
_bcbc
_corignew
_d1
_eocip
_f19
_gy-gencatlg
942 _2ddc
_cBK
_n0
999 _c1889
_d1889